Plant Pathology / (Record no. 6419)
[ view plain ]
| 000 -LEADER | |
|---|---|
| fixed length control field | 00630nam a2200217 a 4500 |
| 001 - CONTROL NUMBER | |
| control field | 6419 |
| 003 - CONTROL NUMBER IDENTIFIER | |
| rucl marc code | BD-RjUL |
| 005 - DATE AND TIME OF LATEST TRANSACTION | |
| control field | 20211208234235.0 |
| 008 - FIXED-LENGTH DATA ELEMENTS--GENERAL INFORMATION | |
| fixed length control field | 171108r19881980ii a m 000|0 eng d |
| 035 ## - SYSTEM CONTROL NUMBER | |
| System control number | (BD-RjUL)6459 |
| 040 ## - CATALOGING SOURCE | |
| Original cataloging agency | BD-RjUL |
| Language of cataloging | eng |
| Transcribing agency | BD-RjUL |
| 041 ## - LANGUAGE CODE | |
| Language code of text/sound track or separate title | eng |
| 082 ## - DEWEY DECIMAL CLASSIFICATION NUMBER | |
| Classification number | 571.92 |
| Author mark and year | MEP 1988 |
| 100 ## - MAIN ENTRY--PERSONAL NAME | |
| Personal name | Mehrotra, R S. |
| 9 (RLIN) | 219372 |
| 245 ## - TITLE STATEMENT | |
| Title | Plant Pathology / |
| Statement of responsibility, etc. | R. S. Mehrotra |
| 260 ## - PUBLICATION, DISTRIBUTION, ETC. (IMPRINT) | |
| Place of publication, distribution, etc. | New Delhi : |
| Name of publisher, distributor, etc. | Tata McGraw-Hill Pub., |
| Date of publication, distribution, etc. | 1980 [Reprint 1988]. |
| 300 ## - PHYSICAL DESCRIPTION | |
| Pagination | xv, 771 p. : |
| Illustrations | ill. ; |
| Size | 26 cm. |
| 504 ## - BIBLIOGRAPHY, ETC. NOTE | |
| Bibliography, etc | Includes bibliographical references and Index |
| 650 ## - SUBJECT ADDED ENTRY--TOPICAL TERM | |
| Topical term or geographic name as entry element | Plant diseases. |
| 9 (RLIN) | 219373 |
| 942 ## - ADDED ENTRY ELEMENTS (KOHA) | |
| Source of classification or shelving scheme | Dewey Decimal Classification |
| Koha item type | Books |
| Lost status | Source of classification or shelving scheme | Damaged status | Not for loan | Collection code | Permanent Location | Current Location | Shelving location | Date acquired | Source of acquisition | Total Checkouts | Full call number | Date last seen | Copy number | Koha item type |
|---|---|---|---|---|---|---|---|---|---|---|---|---|---|---|
| Dewey Decimal Classification | Not For Loan | Non-fiction | Central Library, University of Rajshahi | Central Library, University of Rajshahi | Reading Room | 08/12/2021 | Karim Int., Dhaka | 571.92 MEP 1988 | 08/11/2017 | C-1 | Books |